| 000 | 00380nam a2200109Ia 4500 | ||
|---|---|---|---|
| 008 | 170221s9999 xx 000 0 und d | ||
| 100 | _aPeter Cheng | ||
| 245 | _aTarget Information Asymmetry and Acquisition Price (pages 976–1016) | ||
| 245 | _cPeter Cheng, Lin Li and Wilson H.S. Tong | ||
| 650 | _xBusiness | ||
| 856 | _uhttp://onlinelibrary.wiley.com/doi/10.1111/jbfa.12202/pdf | ||
| 999 |
_c307851 _d307851 |
||